[Event "Irish Championship 2021"]
[Site "Dublin IRL"]
[Date "2021.08.07"]
[Round "8.9"]
[White "Murchadha, Oissine"]
[Black "Collins, Adam"]
[Result "1/2-1/2"]
[WhiteElo "1976"]
[BlackElo "1887"]
[BlackICU "1966"]
[BlackClub "Kilkenny"]
[WhiteNationality "IRL"]
[BlackNationality "IRL"]
[WhiteFideId "2503603"]
[BlackFideId "2512300"]
[PlyCount "87"]
[Venue "Colaiste Eanna"]
[EventDate "2021.07.31"]
[WhiteFullName "Murchadha, Oiss&iacute;ne"]

{ Event information: <a
href="https://www.irlchess.com/irlch2021_allfiles/pairings_irlch2021.html">Tournament
report</a>. }

1. e4 c6 2. Nf3 d5 3. Nc3 Nf6 4. Qe2 dxe4 5. Nxe4 Nxe4 6. Qxe4 Nd7 7. b3
Nf6 8. Qe3 Bf5 9. c4 e6 10. Be2 Ng4 11. Qc3 Qb6 12. O-O Be7 13. Bb2 Rg8 14.
d4 O-O-O 15. Rad1 h5 16. Bd3 Bxd3 17. Rxd3 Bf6 18. Qc2 Kb8 19. Rfd1 Rge8
20. Bc3 Qc7 21. Qd2 e5 22. dxe5 Rxd3 23. Qxd3 Nxe5 24. Nxe5 Bxe5 25. Bxe5
Qxe5 26. g3 g6 27. h4 a6 28. a4 a5 29. Qd7 Qe7 30. Qd2 Qc7 31. b4 axb4 32.
Qxb4 Qe7 33. Qb6 Qc7 34. Qb4 Qe7 35. c5 Rd8 36. Qf4+ Ka7 37. Rxd8 Qxd8 38.
Qxf7 Qd1+ 39. Kg2 Qc2 40. Qe7 Qxa4 41. Qe5 Qc2 42. Qa1+ Kb8 43. Qe5+ Ka7
44. Qa1+ 1/2-1/2

[Event "Irish Championship 2021"]
[Site "Dublin IRL"]
[Date "2021.08.07"]
[Round "8.10"]
[White "Fox, Anthony"]
[Black "Tirziman, Rudolf"]
[Result "1/2-1/2"]
[WhiteElo "2005"]
[BlackElo "1941"]
[WhiteICU "2007"]
[WhiteClub "Dun Laoghaire"]
[BlackClub "Blanchardstown"]
[WhiteNationality "IRL"]
[BlackNationality "IRL"]
[WhiteFideId "2500736"]
[BlackFideId "2508664"]
[PlyCount "41"]
[Venue "Colaiste Eanna"]
[EventDate "2021.07.31"]

{ Event information: <a
href="https://www.irlchess.com/irlch2021_allfiles/pairings_irlch2021.html">Tournament
report</a>. }

1. e4 c5 2. Nf3 e6 3. d3 Nc6 4. g3 d5 5. Qe2 Be7 6. Bg2 Nf6 7. O-O O-O 8.
e5 Nd7 9. c4 d4 10. h4 Qc7 11. Bf4 Re8 12. Re1 Nf8 13. h5 a6 14. Nbd2 b5
15. b3 Bb7 16. Ne4 Qb6 17. Nfd2 Nd7 18. Nf3 a5 19. h6 g6 20. Qd2 a4 21.
Rab1 1/2-1/2

[Event "Irish Championship 2021"]
[Site "Dublin IRL"]
[Date "2021.08.07"]
[Round "8.11"]
[White "Goss, Alex"]
[Black "O'Connor, Jonathan"]
[Result "0-1"]
[WhiteElo "1833"]
[BlackElo "2153"]
[WhiteICU "1750"]
[BlackICU "2124"]
[WhiteClub "U.C.D."]
[BlackClub "Dublin"]
[WhiteNationality "IRL"]
[BlackNationality "IRL"]
[WhiteFideId "2509407"]
[BlackFideId "2501112"]
[PlyCount "86"]
[Venue "Colaiste Eanna"]
[EventDate "2021.07.31"]

{ Event information: <a
href="https://www.irlchess.com/irlch2021_allfiles/pairings_irlch2021.html">Tournament
report</a>. }

1. e4 e5 2. Nf3 Nc6 3. d4 exd4 4. Bc4 Nf6 5. e5 Ne4 6. O-O Be7 7. Re1 d5 8.
Bb5 O-O 9. Bxc6 bxc6 10. Nxd4 Bd7 11. f3 Nc5 12. Be3 a5 13. a4 Rb8 14. b3
Re8 15. Qd2 Ne6 16. f4 Bb4 17. c3 Nxd4 18. Bxd4 Bf8 19. Qd1 Qh4 20. Rf1 Bg4
21. Qc2 c5 22. Bf2 Qh5 23. Nd2 Bf5 24. Qa2 Bd3 25. Rfe1 Qf5 26. Re3 Ba6 27.
Rf3 Be2 28. Re3 Bh5 29. g3 c6 30. Nf3 Bg4 31. Nh4 Qd7 32. Rd3 Be7 33. Ng2
Bf5 34. Rd2 Be4 35. Re1 Qb7 36. Rb2 c4 37. b4 axb4 38. a5 b3 39. Qa4 Qb5
40. Ra1 Qa6 41. Ne3 Ra8 42. Nf1 Reb8 43. Nd2 Bd3 0-1

[Event "Irish Championship 2021"]
[Site "Dublin IRL"]
[Date "2021.08.07"]
[Round "8.12"]
[White "O'Connell, Gerard"]
[Black "Harding, Tim"]
[Result "1/2-1/2"]
[BlackTitle "CM"]
[WhiteElo "2051"]
[BlackElo "2003"]
[WhiteICU "2005"]
[BlackICU "1955"]
[WhiteClub "St. Benildus"]
[BlackClub "T.C.D."]
[WhiteNationality "IRL"]
[BlackNationality "IRL"]
[WhiteFideId "2500493"]
[BlackFideId "2500256"]
[PlyCount "83"]
[Venue "Colaiste Eanna"]
[EventDate "2021.07.31"]

{ Event information: <a
href="https://www.irlchess.com/irlch2021_allfiles/pairings_irlch2021.html">Tournament
report</a>. }

1. d4 Nf6 2. Nf3 c5 3. c3 b6 4. g3 Bb7 5. Bg2 g6 6. O-O Bg7 7. Nbd2 O-O 8.
Re1 d5 9. Ne5 cxd4 10. cxd4 Nc6 11. Ndf3 Ne4 12. Nxc6 Bxc6 13. Ne5 Bb7 14.
f3 Nd6 15. Bh3 Bc8 16. Bg2 Bb7 17. b3 Rc8 18. Bb2 f6 19. Ng4 Nf7 20. Rc1
Qd6 21. Qd3 Rxc1 22. Rxc1 Rc8 23. Rxc8+ Bxc8 24. Nf2 e5 25. e4 f5 26. dxe5
Nxe5 27. Bxe5 Qxe5 28. Qxd5+ Qxd5 29. exd5 Kf7 30. h4 Ke7 31. Nd3 Bd4+ 32.
Kf1 Ba6 33. Ke2 Kd6 34. Kd2 Bxd3 35. Kxd3 Bf2 36. g4 Kxd5 37. gxf5 Bxh4 38.
f4+ Kd6 39. Ke4 Bf6 40. Bf1 gxf5+ 41. Kxf5 Ke7 42. Be2 1/2-1/2

[Event "Irish Championship 2021"]
[Site "Dublin IRL"]
[Date "2021.08.07"]
[Round "8.13"]
[White "Cafolla, Peter"]
[Black "Putar, Lara"]
[Result "1/2-1/2"]
[WhiteElo "1958"]
[BlackElo "1930"]
[WhiteICU "1914"]
[BlackICU "1969"]
[WhiteClub "Rathmines"]
[BlackClub "St. Benildus"]
[WhiteNationality "IRL"]
[BlackNationality "IRL"]
[WhiteFideId "2500884"]
[BlackFideId "14546604"]
[PlyCount "77"]
[Venue "Colaiste Eanna"]
[EventDate "2021.07.31"]

{ Event information: <a
href="https://www.irlchess.com/irlch2021_allfiles/pairings_irlch2021.html">Tournament
report</a>. }

1. d4 Nf6 2. Nf3 g6 3. Bf4 Bg7 4. e3 O-O 5. Be2 d5 6. h3 c5 7. c3 Nc6 8.
O-O b6 9. Nbd2 Bb7 10. a4 Nd7 11. Qb3 h6 12. Rfd1 Kh7 13. Qa3 f6 14. Bg3 e5
15. dxc5 Nxc5 16. b4 Ne6 17. Nb3 Qe7 18. b5 Qxa3 19. Rxa3 Ne7 20. a5 a6 21.
c4 axb5 22. cxb5 bxa5 23. Rxa5 Rfb8 24. Nfd2 Nf5 25. Bh2 Bf8 26. g4 Nd6 27.
f4 exf4 28. exf4 f5 29. Nf3 Ne4 30. Rc1 N6c5 31. Rxa8 Rxa8 32. Nbd4 Ra2 33.
Rc2 Rxc2 34. Nxc2 Nc3 35. Bf1 Ne6 36. gxf5 gxf5 37. Bd3 Ne4 38. Kf1 Be7 39.
Be2 1/2-1/2

[Event "Irish Championship 2021"]
[Site "Dublin IRL"]
[Date "2021.08.07"]
[Round "8.14"]
[White "Scott, Luke"]
[Black "Lyons, Brendan"]
[Result "1-0"]
[WhiteElo "1906"]
[BlackElo "1931"]
[WhiteICU "1959"]
[BlackICU "1886"]
[WhiteClub "Ballyroan"]
[BlackClub "St. Benildus"]
[WhiteNationality "IRL"]
[BlackNationality "IRL"]
[WhiteFideId "2507986"]
[BlackFideId "2500698"]
[PlyCount "89"]
[Venue "Colaiste Eanna"]
[EventDate "2021.07.31"]

{ Event information: <a
href="https://www.irlchess.com/irlch2021_allfiles/pairings_irlch2021.html">Tournament
report</a>. }

1. d4 d5 2. c4 e5 3. dxe5 d4 4. Nf3 Nc6 5. g3 Be6 6. Nbd2 Qd7 7. Bg2 Bh3 8.
O-O h5 9. Bxh3 Qxh3 10. Ng5 Qf5 11. Ndf3 Be7 12. Qd3 Nh6 13. Qxf5 Nxf5 14.
Bd2 Nh6 15. Rfd1 O-O-O 16. Ne4 h4 17. Kg2 Ng4 18. Bf4 Rh5 19. h3 Ngxe5 20.
Nxe5 Nxe5 21. g4 Ng6 22. Bxc7 Kxc7 23. gxh5 Nf4+ 24. Kf1 Nxh3 25. Rd3 f5
26. Rxh3 fxe4 27. Rd1 Bf6 28. Ra3 a6 29. Ra5 Rh8 30. Rd5 Rh6 31. e3 dxe3
32. fxe3 Bxb2 33. R1d2 Bc1 34. Rg2 Rf6+ 35. Ke2 Rf3 36. Rxg7+ Kc6 37. Rg6+
Kc7 38. h6 Rxe3+ 39. Kd1 Bb2 40. h7 h3 41. Rf5 Rd3+ 42. Kc2 Bh8 43. Rf7+
Rd7 44. Rxd7+ Kxd7 45. Rh6 1-0

[Event "Irish Championship 2021"]
[Site "Dublin IRL"]
[Date "2021.08.07"]
[Round "8.15"]
[White "O'Flaherty, Kevin"]
[Black "Doyle, Tony"]
[Result "1/2-1/2"]
[WhiteElo "1884"]
[BlackElo "2206"]
[WhiteICU "1818"]
[BlackICU "2046"]
[WhiteClub "Univ. of Limerick"]
[WhiteNationality "IRL"]
[BlackNationality "IRL"]
[WhiteFideId "2502283"]
[BlackFideId "2500329"]
[PlyCount "41"]
[Venue "Colaiste Eanna"]
[EventDate "2021.07.31"]

{ Event information: <a
href="https://www.irlchess.com/irlch2021_allfiles/pairings_irlch2021.html">Tournament
report</a>. }

1. d4 d5 2. Nf3 Nf6 3. Bf4 e6 4. e3 Bd6 5. Bg5 O-O 6. Nbd2 Nbd7 7. Bd3 c6
8. c3 Re8 9. Qc2 Nf8 10. Ne5 Be7 11. f4 N6d7 12. Bxe7 Qxe7 13. O-O f5 14.
Rf3 Nf6 15. Kh1 N8d7 16. Rg1 Nxe5 17. fxe5 Ne4 18. Bxe4 fxe4 19. Rf4 Bd7
20. Rgf1 Rf8 21. Nb3 1/2-1/2

[Event "Irish Championship 2021"]
[Site "Dublin IRL"]
[Date "2021.08.07"]
[Round "8.16"]
[White "O'Gorman, Alice"]
[Black "Burke, Kevin"]
[Result "1-0"]
[WhiteElo "1907"]
[BlackElo "1883"]
[WhiteICU "1882"]
[BlackICU "1781"]
[WhiteClub "T.C.D."]
[BlackClub "St. Benildus"]
[WhiteNationality "IRL"]
[BlackNationality "IRL"]
[WhiteFideId "2508214"]
[BlackFideId "2501520"]
[PlyCount "79"]
[Venue "Colaiste Eanna"]
[EventDate "2021.07.31"]

{ Event information: <a
href="https://www.irlchess.com/irlch2021_allfiles/pairings_irlch2021.html">Tournament
report</a>. }

1. c4 f5 2. Nc3 Nf6 3. g3 e6 4. Bg2 Be7 5. d3 Nc6 6. e4 fxe4 7. dxe4 d6 8.
f4 e5 9. f5 O-O 10. g4 Nd4 11. g5 Nxe4 12. Nxe4 Bxf5 13. h4 Qd7 14. Be3 Bg4
15. Qd3 Rae8 16. Kd2 Ne6 17. Re1 c6 18. Nc3 Nf4 19. Bxf4 Rxf4 20. Be4 g6
21. Nge2 Bxe2 22. Nxe2 Rxh4 23. Bxg6 Bxg5+ 24. Kc2 Re7 25. Bf5 e4 26. Qg3
Qxf5 27. Rxh4 Rg7 28. Rg4 h5 29. Rxg5 Rxg5 30. Qxd6 e3+ 31. Qd3 Qe5 32. Rf1
Rg4 33. Qd8+ Kg7 34. Qd7+ Kh6 35. b3 Rg2 36. Qd3 Rg4 37. Rf7 b5 38. Rh7+
Kg5 39. Qd8+ Kg6 40. Qg8+ 1-0

[Event "Irish Championship 2021"]
[Site "Dublin IRL"]
[Date "2021.08.08"]
[Round "9.1"]
[White "Heidenfeld, Mark"]
[Black "Murphy, Sean J."]
[Result "1-0"]
[WhiteTitle "IM"]
[WhiteElo "2360"]
[BlackElo "1990"]
[WhiteICU "2282"]
[BlackICU "2020"]
[BlackClub "Cork"]
[WhiteNationality "IRL"]
[BlackNationality "IRL"]
[WhiteFideId "2500990"]
[BlackFideId "2512742"]
[PlyCount "33"]
[Venue "Colaiste Eanna"]
[EventDate "2021.07.31"]
[BlackFullName "Murphy, Se&aacute;n J."]

{ Event information: <a
href="https://www.irlchess.com/irlch2021_allfiles/pairings_irlch2021.html">Tournament
report</a>. } { Annotator: Alexander Baburin, <em>Sunday Independent</em>,
August 15, 2021 p. 29. } { &ldquo;In the following all-important game from
the last round, Mark Heidenfeld abandoned his usual first move 1. e4 and
instead advanced the other central pawn&mdash;something he had not done for
some 20 years! That surprise worked really well.&rdquo; }

1. d4 Nf6 2. Nf3 c5 3. e3 g6 4. c4 Bg7 5. Nc3 d5 $6 ({ &ldquo;White's
opening choice is beginning to pay off as Black is going astray. He should
have opted for } 5... cxd4 6. exd4 d5 { .&rdquo; }) 6. dxc5 $1 Qa5 $2 ({
&ldquo; } 6... Be6 { was called for.&rdquo; }) 7. cxd5 Nxd5 8. Qxd5 Bxc3+
9. Bd2 Bxd2+ 10. Qxd2 Qxc5 $4 ({ &ldquo;This error is the last straw; Black
should have defended a difficult endgame arising after } 10... Qxd2+ 11.
Kxd2 { .&rdquo; }) 11. Rc1 $1 Qf5 12. Nd4 $1 Qd7 13. Bb5 Nc6 14. Rxc6 $1
Kf8 15. Rxg6 Qd5 16. Rg3 e5 17. Qb4+ 1-0

[Event "Irish Championship 2021"]
[Site "Dublin IRL"]
[Date "2021.08.08"]
[Round "9.2"]
[White "O'Gorman, Tom"]
[Black "Murphy, Conor E."]
[Result "0-1"]
[WhiteTitle "FM"]
[BlackTitle "FM"]
[WhiteElo "2368"]
[BlackElo "2394"]
[WhiteICU "2303"]
[BlackICU "2419"]
[WhiteClub "Dun Laoghaire"]
[BlackClub "Charlton ENG"]
[WhiteNationality "IRL"]
[BlackNationality "IRL"]
[WhiteFideId "2508249"]
[BlackFideId "421669"]
[PlyCount "96"]
[Venue "Colaiste Eanna"]
[EventDate "2021.07.31"]

{ Event information: <a
href="https://www.irlchess.com/irlch2021_allfiles/pairings_irlch2021.html">Tournament
report</a>. }

1. e4 e5 2. Nf3 Nc6 3. Bb5 a6 4. Ba4 Nf6 5. O-O Be7 6. Re1 b5 7. Bb3 O-O 8.
c3 d5 9. exd5 Nxd5 10. Nxe5 Nxe5 11. Rxe5 c6 12. d3 Bd6 13. Re1 Bf5 14. Qf3
Re8 15. Be3 Qd7 16. Bxd5 cxd5 17. g3 Bxd3 18. Nd2 Qe6 19. Bd4 Be2 20. Qg2
Qf5 21. Be3 Bg4 22. Nb3 Qh5 23. Nd4 Bc5 24. f3 Bxf3 25. Qxf3 Qxf3 26. Nxf3
Rxe3 27. Rxe3 Re8 28. Rd1 Rxe3 29. Kg2 Re2+ 30. Kh3 Rxb2 31. Rxd5 Bf8 32.
Rd8 g6 33. Ne5 Kg7 34. Rd7 Re2 35. Nxf7 Re7 36. Ne5 Rxd7 37. Nxd7 Bd6 38.
Nb6 Kf6 39. c4 Ke6 40. cxb5 axb5 41. Kg4 Bc5 42. Na8 Kd7 43. Kg5 Kc6 44.
Kh6 Bg1 45. h3 Kb7 46. Kxh7 Bf2 47. g4 g5 48. Kg6 Bh4 0-1

[Event "Irish Championship 2021"]
[Site "Dublin IRL"]
[Date "2021.08.08"]
[Round "9.3"]
[White "Carroll, Peter"]
[Black "Baburin, Alexander"]
[Result "0-1"]
[BlackTitle "GM"]
[WhiteElo "2059"]
[BlackElo "2416"]
[WhiteICU "2035"]
[BlackICU "2369"]
[WhiteClub "Gonzaga"]
[BlackClub "Kilkenny"]
[WhiteNationality "IRL"]
[BlackNationality "IRL"]
[WhiteFideId "2510243"]
[BlackFideId "2500914"]
[PlyCount "136"]
[Venue "Colaiste Eanna"]
[EventDate "2021.07.31"]

{ Event information: <a
href="https://www.irlchess.com/irlch2021_allfiles/pairings_irlch2021.html">Tournament
report</a>. }

1. e4 Nf6 2. e5 Nd5 3. d4 d6 4. c4 Nb6 5. exd6 exd6 6. Nc3 Be7 7. Be3 O-O
8. Nf3 Nc6 9. Be2 Bg4 10. b3 d5 11. c5 Nc8 12. O-O a6 13. h3 Be6 14. Qd2 b6
15. cxb6 cxb6 16. Ne5 Nxe5 17. dxe5 Bb4 18. a3 Bc5 19. Rfd1 Bxe3 20. Qxe3
Ne7 21. Bf3 Rc8 22. Rac1 Nf5 23. Qd3 Qg5 24. Qd2 Qxd2 25. Rxd2 d4 26. Ne2
Bxb3 27. Rxc8 Rxc8 28. Nxd4 Nxd4 29. Rxd4 a5 30. Bd5 Bxd5 31. Rxd5 Kf8 32.
a4 Rc4 33. Rd6 Rb4 34. g3 g5 35. Rf6 Ke7 36. Rh6 Rxa4 37. Rxb6 Re4 38. Rb5
a4 39. Ra5 Ke6 40. Kg2 h5 41. Kf3 Rb4 42. Ke3 h4 43. Kf3 Rc4 44. gxh4 Rxh4
45. Kg3 Rf4 46. f3 Kd7 47. e6+ Kxe6 48. Rxg5 Rf5 49. Rg4 Ra5 50. Re4+ Kd5
51. Kf4 Ra6 52. h4 a3 53. Re1 a2 54. Ra1 Kc4 55. h5 Kb3 56. Kg5 Ra5+ 57.
Kg4 Kb2 58. Rxa2+ Rxa2 59. Kg5 Ra5+ 60. Kg4 Kc3 61. f4 Kd4 62. f5 Ke5 63.
Kg5 Ra1 64. Kh6 Kxf5 65. Kh7 Kf6 66. h6 Rh1 67. Kg8 Rxh6 68. Kf8 Rh8# 0-1

[Event "Irish Championship 2021"]
[Site "Dublin IRL"]
[Date "2021.08.08"]
[Round "9.4"]
[White "Daly, Colm"]
[Black "Kanyamarala, Tarun"]
[Result "0-1"]
[WhiteTitle "FM"]
[BlackTitle "FM"]
[WhiteElo "2285"]
[BlackElo "2369"]
[WhiteICU "2261"]
[BlackICU "2296"]
[WhiteClub "Bray/Greystones"]
[BlackClub "Balbriggan"]
[WhiteNationality "IRL"]
[BlackNationality "IRL"]
[WhiteFideId "2500434"]
[BlackFideId "45004714"]
[PlyCount "110"]
[Venue "Colaiste Eanna"]
[EventDate "2021.07.31"]

{ Event information: <a
href="https://www.irlchess.com/irlch2021_allfiles/pairings_irlch2021.html">Tournament
report</a>. }

1. Nf3 f5 2. c4 Nf6 3. g3 g6 4. Bg2 Bg7 5. Nc3 O-O 6. O-O d6 7. d3 c6 8.
Rb1 e5 9. b4 Re8 10. Qb3 Qc7 11. Bd2 h6 12. Rfc1 Qf7 13. b5 e4 14. Ne1 g5
15. Qc2 Qg6 16. dxe4 fxe4 17. Be3 Ng4 18. Bxe4 $6 (18. Qd2 $10) 18... Rxe4
19. Qxe4 Bf5 20. Qe7 $4 (20. Qf3 Bxc3 $15) 20... Nd7 $19 21. bxc6 bxc6 22.
c5 $2 (22. Rb7 Re8 23. Rxd7 { was a better chance. }) 22... Bf8 23. Qxd7
Bxd7 24. Bd2 dxc5 25. f3 Ne5 26. Be3 Re8 27. Bf2 Bf5 28. Rb7 Re7 29. Rb8
Nd7 30. Rb7 Nb6 31. Rb8 Qd6 32. Rxf8+ Kxf8 33. Ne4 Bxe4 34. Bxc5 Qd2 35.
Ra1 Qc3 36. Bxe7+ Kxe7 37. Rd1 Qe3+ 38. Kf1 Bf5 39. g4 Bg6 40. Ng2 Qe6 41.
Rd2 Nc4 42. Rd1 Ne3+ 43. Nxe3 Qxe3 44. h3 Bc2 45. Ra1 c5 46. a4 a5 47. Re1
c4 48. Kg2 c3 49. Kg3 Bxa4 50. h4 gxh4+ 51. Kg2 c2 52. Ra1 Qxe2+ 53. Kh3
Qf2 54. Rg1 c1=Q 55. g5 Bd7+ 0-1

[Event "Irish Championship 2021"]
[Site "Dublin IRL"]
[Date "2021.08.08"]
[Round "9.5"]
[White "Putar, Leon"]
[Black "O'Donnell, Conor"]
[Result "0-1"]
[BlackTitle "FM"]
[WhiteElo "1918"]
[BlackElo "2331"]
[WhiteICU "1901"]
[BlackICU "2311"]
[WhiteClub "St. Benildus"]
[BlackClub "Gonzaga"]
[WhiteNationality "IRL"]
[BlackNationality "IRL"]
[WhiteFideId "14546612"]
[BlackFideId "2504243"]
[PlyCount "138"]
[Venue "Colaiste Eanna"]
[EventDate "2021.07.31"]

{ Event information: <a
href="https://www.irlchess.com/irlch2021_allfiles/pairings_irlch2021.html">Tournament
report</a>. }

1. Nf3 c5 2. g3 g6 3. Bg2 Bg7 4. O-O Nc6 5. c3 e5 6. b3 d5 7. Bb2 e4 8. Ne1
f5 9. d4 cxd4 10. cxd4 Nge7 11. Nc2 O-O 12. f3 g5 13. fxe4 dxe4 14. e3 b6
15. Qe2 a5 16. Nd2 Ba6 17. Nc4 b5 18. Nd2 b4 19. Nc4 a4 20. Rac1 g4 21.
Rfd1 Nd5 22. Bf1 axb3 23. axb3 Na5 24. Na1 Bh6 25. Qe1 Rb8 26. Nxa5 Bxe3+
27. Kh1 Bxc1 28. Nc6 Bxb2 29. Nxd8 Bc3 30. Qf2 Bxf1 31. Rxf1 Rbxd8 32. Nc2
Kg7 33. Ne3 Nxe3 34. Qxe3 Kg6 35. Rd1 Rd5 36. h3 gxh3 37. Kh2 Rfd8 38. Kxh3
Bxd4 39. Qe2 Bc3 40. Rf1 Rd3 41. Qf2 Rf8 42. Qb6+ Kg5 43. Qc7 Kg6 44. Qc6+
Kg7 45. Qe6 Rf6 46. Qe7+ Kg6 47. Qe8+ Kg5 48. Qe7 h5 49. Qg7+ Rg6 50. Qf8
Rd5 51. Qe7+ Kh6 52. Qf8+ Bg7 53. Qxb4 h4 54. Kxh4 Re5 55. Re1 Rg4+ 56. Kh3
e3 57. Qb6+ Rg6 58. Qd8 f4 59. g4 Bf6 60. g5+ $4 (60. Qc8 $10) 60... Rexg5
61. Qf8+ Kh7 62. Qf7+ Bg7 63. Qxf4 Rh5+ 64. Qh4 Rxh4+ 65. Kxh4 Bd4 66. Kh3
Kg7 67. Rf1 e2 68. Re1 Re6 69. Kg2 Bc3 0-1

[Event "Irish Championship 2021"]
[Site "Dublin IRL"]
[Date "2021.08.08"]
[Round "9.6"]
[White "Fitzsimons, David"]
[Black "Murray, David"]
[Result "1-0"]
[WhiteTitle "IM"]
[WhiteElo "2324"]
[BlackElo "2142"]
[WhiteICU "2343"]
[BlackICU "2125"]
[WhiteClub "Elm Mount"]
[BlackClub "Gonzaga"]
[WhiteNationality "IRL"]
[BlackNationality "IRL"]
[WhiteFideId "2501961"]
[BlackFideId "2501511"]
[PlyCount "47"]
[Venue "Colaiste Eanna"]
[EventDate "2021.07.31"]

{ Event information: <a
href="https://www.irlchess.com/irlch2021_allfiles/pairings_irlch2021.html">Tournament
report</a>. }

1. Nf3 f5 2. d3 Nf6 3. e4 fxe4 4. dxe4 e6 5. e5 Nd5 6. Bd3 Nb4 7. Ng5 Nxd3+
8. Qxd3 g6 9. Nxh7 Rxh7 10. Qxg6+ Rf7 11. Bg5 Be7 12. h4 d6 13. Nd2 Nd7 14.
Nc4 d5 15. O-O-O Nf8 16. Qh5 Bd7 17. Bh6 dxc4 18. Rh3 Bf6 19. exf6 Qxf6 20.
Rf3 O-O-O 21. Rxf6 Rxf6 22. Bg5 Rf5 23. g4 Ra5 24. Qf7 1-0

[Event "Irish Championship 2021"]
[Site "Dublin IRL"]
[Date "2021.08.08"]
[Round "9.7"]
[White "Collins, Adam"]
[Black "Kanyamarala, Trisha"]
[Result "1/2-1/2"]
[BlackTitle "WIM"]
[WhiteElo "1887"]
[BlackElo "2180"]
[WhiteICU "1966"]
[BlackICU "2178"]
[WhiteClub "Kilkenny"]
[BlackClub "Balbriggan"]
[WhiteNationality "IRL"]
[BlackNationality "IRL"]
[WhiteFideId "2512300"]
[BlackFideId "45004722"]
[PlyCount "53"]
[Venue "Colaiste Eanna"]
[EventDate "2021.07.31"]

{ Event information: <a
href="https://www.irlchess.com/irlch2021_allfiles/pairings_irlch2021.html">Tournament
report</a>. }

1. e4 c5 2. c3 Nf6 3. e5 Nd5 4. d4 cxd4 5. Nf3 d6 6. cxd4 Nc6 7. Bc4 dxe5
8. dxe5 Be6 9. O-O g6 10. Qe2 Bg7 11. Bd2 O-O 12. Nc3 Nc7 13. Rad1 Qc8 14.
Rfe1 Bg4 15. Bf4 Qf5 16. Qe3 Nb4 17. Nd4 Qc8 18. Rd2 Be6 19. Nxe6 Nxe6 20.
Bb3 Nc6 21. Bg3 Na5 22. Nd5 Re8 23. Red1 Nxb3 24. Qxb3 b6 25. Qf3 Rb8 26.
h4 h5 27. Qe2 1/2-1/2

[Event "Irish Championship 2021"]
[Site "Dublin IRL"]
[Date "2021.08.08"]
[Round "9.8"]
[White "O'Connor, Jonathan"]
[Black "Murchadha, Oissine"]
[Result "1-0"]
[WhiteElo "2153"]
[BlackElo "1976"]
[WhiteICU "2124"]
[WhiteClub "Dublin"]
[WhiteNationality "IRL"]
[BlackNationality "IRL"]
[WhiteFideId "2501112"]
[BlackFideId "2503603"]
[PlyCount "118"]
[Venue "Colaiste Eanna"]
[EventDate "2021.07.31"]
[BlackFullName "Murchadha, Oiss&iacute;ne"]

{ Event information: <a
href="https://www.irlchess.com/irlch2021_allfiles/pairings_irlch2021.html">Tournament
report</a>. }

1. d4 d5 2. c4 c6 3. Nf3 Nf6 4. Qb3 dxc4 5. Qxc4 Bf5 6. g3 e6 7. Bg2 Be7 8.
O-O O-O 9. Nc3 Ne4 10. Qb3 Qb6 11. Nh4 Qxb3 12. axb3 Bxh4 13. gxh4 Nf6 14.
b4 Na6 15. b5 Nb4 16. bxc6 Nxc6 17. e3 Bc2 18. Bd2 e5 19. d5 Nb4 20. e4 a5
21. f3 Rfc8 22. Na4 Nd7 23. Bh3 Bxa4 24. Rxa4 Nb6 25. Rxb4 axb4 26. Bxc8
Rxc8 27. Bxb4 f6 28. Ra1 Rd8 29. b3 Kf7 30. Rc1 Rd7 31. Kf2 Na8 32. Ke3 Nc7
33. Rc4 Kg6 34. f4 exf4+ 35. Kxf4 Kf7 36. Be1 g6 37. Bg3 Ne8 38. Rc5 Re7
39. Ke3 Rd7 40. Kd4 Ke7 41. Rb5 Ng7 42. Rb6 Kf7 43. Be1 Ne8 44. Bb4 Nc7 45.
Bd6 Ne8 46. Bb8 Ng7 47. Kc5 Ne8 48. Bg3 Ng7 49. Rb4 Ke7 50. Ra4 Nh5 51. Bb8
Ng7 52. Ra2 Ne8 53. Ra7 b6+ 54. Kxb6 Rxa7 55. Kxa7 Nd6 56. Bxd6+ Kxd6 57.
b4 f5 58. exf5 gxf5 59. b5 Ke5 1-0